00455nam a2200157 a 450000100060000000300090000600800410001502000150005604000280007108200150009910000140011424500790012826000470020730000200025465000230027420130CO-ViMGA141112s2004 ck r 000 u spa d a8480196130 aCO-ViMGAbspacCO-ViMGA04a794.1 E8831 aEuwe, Max10aDictamen y plan en ajedrez : bMejore su ajedrez con este manual clásico aBarcelona : bEditorial Paidotribo, c2002 a208 p. + CD Rom14aAJEDREZ - MANUALES